| 000 | 00373 a2200157 4500 | ||
|---|---|---|---|
| 001 | 60258 | ||
| 020 | _a8576872358 | ||
| 040 | _cAnchieta - Pituba | ||
| 100 | _aMarkham, Wendy | ||
| 240 | 1 | 0 |
_aAntes mal-acompanhada que solteira _lpor |
| 245 | 1 | 0 | _aAntes mal-acompanhada que solteira |
| 300 | _a395 | ||
| 362 | 0 | _a2006 | |
| 650 | 4 | _aFicção norte-americana | |
| 942 | _cBK | ||
| 999 |
_c60258 _d60258 |
||